000 00867nam a2200217 i 4500
005 20160123074732.0
008 140305b2002 ck ||||| |||| 00| 0 spa d
040 _aCO-BoIAVH
_cCO-BoIAVH
041 _aspa
044 _ack
082 0 4 _a333.72
_bC82a
110 1 _aCorporación Autónoma Regional de Caldas CORPOCALDAS
245 1 0 _aAgenda para la gestión ambiental del municipio de Manizales
_cCorporación Autónoma Regional de Caldas CORPOCALDAS
260 _aManizales :
_bCorporación Autónoma Regional de Caldas CORPOCALDAS,
_c2002.
300 _a232 páginas :
_bilustraciones, tablas ymapas;
_c29 cm.
650 1 6 _aGestión ambiental
_zColombia
650 2 6 _aProtección del medio ambiente
_zColombia
650 2 6 _aMedio ambiente
_zColombia
650 2 6 _aGestión Ambiental
_zManizales (Colombia)
942 _2ddc
_cLIBRO
999 _c8239
_d8239